00339nam a2200133Ia 45000010005000000080041000050200022000460820020000681000024000882450024001122600027001369010027001639990015001902331241024s9999 xx 000 0 und d a978-9945-404-76-0 aRD/863.44/P573b aMiguel Phipps Cueto 0aBocadas de Chimenea bEditora Nacionalc2012 a9/8/2012 11:10:56 a.m. c7795d7795